Wireless security : models, threats, and solutions

Đã lưu trong:
Sonraí Bibleagrafaíochta
Príomhúdar:  Nichols , Randall K
Formáid: Sách
Teanga:Undetermined
Foilsithe:  McGraw-Hill  2002
Ábhair:
Clibeanna: Cuir Clib Leis
Gan Chlibeanna, Bí ar an gcéad duine leis an taifead seo a chlibeáil!
Thư viện lưu trữ: Trung tâm Thư viện - Trường Đại học Công nghiệp TP. Hồ Chí Minh
LEADER 00528nam a2200157Ia 4500
001 UIH_05353
008 231011s9999 xx 000 0 und d
082 |a  005.8 
100 |a  Nichols , Randall K 
245 0 |a  Wireless security : models, threats, and solutions 
245 0 |c  Nichols , Randall K 
260 |b  McGraw-Hill 
260 |c  2002 
650 |a  Mạng không dây; Bảo mật máy tính;  
927 |a Sách 
980 |a Trung tâm Thư viện - Trường Đại học Công nghiệp TP. Hồ Chí Minh